logo

Bir Sreshtho Munshi Abdur Rouf Library
Jhenaidah Cadet College

Alexander Graham Bell : (Record no. 1098)

MARC details
000 -LEADER
fixed length control field 01227nam a2200349 a 4500
001 - CONTROL NUMBER
JCCL Control Number 1098
003 - CONTROL NUMBER IDENTIFIER
JCCL marc code BD-JhCC
005 - DATE AND TIME OF LATEST TRANSACTION
control field 20211110134022.0
008 - FIXED-LENGTH DATA ELEMENTS--GENERAL INFORMATION
fixed length control field 070129s2007 nyua j b 001 0 eng
020 ## - INTERNATIONAL STANDARD BOOK NUMBER
International Standard Book Number 9781402749513
020 ## - INTERNATIONAL STANDARD BOOK NUMBER
International Standard Book Number 1402749511
020 ## - INTERNATIONAL STANDARD BOOK NUMBER
International Standard Book Number 1402732309 (pbk.)
020 ## - INTERNATIONAL STANDARD BOOK NUMBER
International Standard Book Number 9781402732300 (pbk.)
035 ## - SYSTEM CONTROL NUMBER
system control number (BD-JhCC)1098
040 ## - CATALOGING SOURCE
Original cataloging agency DLC
Transcribing agency DLC
Modifying agency DLC
-- BD-JhCC
041 ## - LANGUAGE CODE
Language code of Book eng
050 00 - LIBRARY OF CONGRESS CALL NUMBER
Classification number TK6143.B4
Item number C37 2007
082 00 - DEWEY DECIMAL CLASSIFICATION NUMBER
Classification number 621.385092
DDC Edition number 22
Author mark and Year CAR 2007
100 1# - MAIN ENTRY--PERSONAL NAME
Personal name Carson, Mary Kay.
245 10 - TITLE STATEMENT
Title Alexander Graham Bell :
Remainder of title giving voice to the world /
Statement of responsibility, etc Mary Kay Carson.
260 ## - PUBLICATION, DISTRIBUTION, ETC. (IMPRINT)
Place of publication, distribution, etc New York :
Name of publisher, distributor, etc Sterling,
Date of publication, distribution, etc c2007.
300 ## - PHYSICAL DESCRIPTION
Pagination 124 p. :
Other physical details ill. ;
Dimensions 20 cm.
490 0# - SERIES STATEMENT
Series statement Sterling biographies
504 ## - BIBLIOGRAPHY, ETC. NOTE
Bibliography, etc Includes bibliographical references (p. 121) and index.
600 10 - SUBJECT ADDED ENTRY--PERSONAL NAME
Personal name Bell, Alexander Graham,
Dates associated with a name 1847-1922
650 #0 - SUBJECT ADDED ENTRY--TOPICAL TERM
Topical term or geographic name as entry element Inventors
Geographic subdivision United States
Form subdivision Biography
-- Juvenile literature.
650 #0 - SUBJECT ADDED ENTRY--TOPICAL TERM
Topical term or geographic name as entry element Telephone
Geographic subdivision United States
General subdivision History
Form subdivision Juvenile literature.
856 41 - ELECTRONIC LOCATION AND ACCESS
Materials specified Table of contents only
Uniform Resource Identifier http://www.loc.gov/catdir/toc/ecip079/2007003502.html
856 42 - ELECTRONIC LOCATION AND ACCESS
Materials specified Publisher description
Uniform Resource Identifier http://www.loc.gov/catdir/enhancements/fy0709/2007003502-d.html
942 ## - ADDED ENTRY ELEMENTS (KOHA)
Source of classification or shelving scheme Dewey Decimal Classification
Koha item type Books
Koha issues (borrowed), all copies 2
Holdings
Source of classification or shelving scheme Damaged status Not for loan Home library Current library Shelving location Date of accession Total Checkouts Full call number Barcode Date last seen Date checked out Copy number Koha item type
Dewey Decimal Classification     JCC Rouf Library JCC Rouf Library General Stacks 10/15/2017 1 621.385092 CAR 2007 1933 11/16/2021 11/09/2021 C-1 Books

JCC Library | Contacts | JCC Home

Last Update on 23 September 2017
Copyright @ 2017-2020 JCC Rouf Library
Rouf Library, Jhenidah Cadet College (JCC), Bangladesh